| 000 | 01519cam a22003371i 4500 | ||
|---|---|---|---|
| 003 | SA-RiAUC | ||
| 005 | 20250215050252.0 | ||
| 008 | 250213s1987 le g b 001 0cara c | ||
| 040 |
_aSA-JeALM _bara _cSA-RiAUC _erda |
||
| 082 | 0 | 4 |
_a920 _qSA-RiAUC |
| 090 |
_a920 _bم ق ر |
||
| 100 | 1 |
_aالمقريزي، أحمد بن علي بن عبد القادر، _d766-845 هجري _eمؤلف. |
|
| 245 | 1 | 0 |
_aكتاب المقفى الكبير : _bتراجم مغربية ومشرقية من الفترة العبيدية / _cتقي الدين المقريزي ؛ اختيار وتحقيق محمد اليعلاوي. |
| 246 | 3 | 0 | _aالمقفى الكبير |
| 250 | _aالطبعة الأولى. | ||
| 264 | 1 |
_aبيروت : _bدار الغرب الإسلامي، _c1987 |
|
| 300 |
_a487 صفحة ؛ _c24 سم |
||
| 336 |
_aنص _btxt _2rdacontent _3كتاب |
||
| 337 |
_aبدون وسيط _bn _2rdamedia |
||
| 338 |
_aمجلد _bnc _2rdacarrier |
||
| 500 | _aكشافات : صفحة 435-486. | ||
| 504 | _aيشتمل على إرجاعات ببليوجرافية. | ||
| 651 | 7 |
_aالدولة الفاطمية _vتراجم _2aucsh |
|
| 651 | 7 |
_aالمغرب _vتراجم _2aucsh |
|
| 651 | 7 |
_aالمغرب _xتاريخ _yالعصر الفاطمي، 909-973 _2aucsh |
|
| 651 | 7 |
_aمصر _xتاريخ _yالعصر الفاطمي، 969-1171 _2aucsh |
|
| 651 | 7 |
_aمصر _vتراجم _2aucsh |
|
| 700 | 1 |
_aاليعلاوي، محمد، _d1929-2015 _eمحقق. |
|
| 942 |
_2ddc _cBOOK _n0 |
||
| 949 |
_aSA-JeALM _d250213 _uosman123 _n1 |
||
| 999 |
_c5928 _d5928 |
||